Game writing : narrative skills for videogames
Αποθηκεύτηκε σε:
| Άλλοι συγγραφείς: | |
|---|---|
| Μορφή: | Βιβλίο |
| Γλώσσα: | English |
| Δημοσίευση: |
Boston, Mass. :
Charles River Media,
c2007.
|
| Σειρά: | Game development series (Charles River Media (Firm))
|
| Θέματα: | |
| Ετικέτες: |
Προσθήκη ετικέτας
Δεν υπάρχουν, Καταχωρήστε ετικέτα πρώτοι!
|
MARC
| LEADER | 00000cam a2200000 i 4500 | ||
|---|---|---|---|
| 001 | 1/70836 | ||
| 008 | 080117s2007 mau| ||| |||| ||eng|| | ||
| 020 | |a 9781584504900 | ||
| 020 | |a 1584504900 | ||
| 035 | |l 10093779 | ||
| 040 | |a GR-MyUa |b gre |e AACR2 | ||
| 041 | 0 | |a eng | |
| 082 | 7 | |a 794.8 |2 (22) | |
| 245 | 0 | 0 | |a Game writing : |b narrative skills for videogames / |c edited by Chris Bateman. |
| 260 | |a Boston, Mass. : |b Charles River Media, |c c2007. | ||
| 300 | |a xxvii, 308 σ. : |b εικ. ; |c 23 εκ. | ||
| 490 | 1 | |a (Charles River Media game development series) | |
| 504 | |a Βιβλιογραφία: σ. 301. Ευρετήριο. | ||
| 650 | 0 | |a Video games |x Authorship. | |
| 700 | 1 | |a Bateman, Chris, |e edt | |
| 830 | 0 | |a Game development series (Charles River Media (Firm)) | |
| 852 | |a INST |b SYROS |e 20080117 |h 794.8 GAM |p 005500006754 |q 005500006754 |t BK |y 0 | ||
| 901 | |a BIBL5-2008-1 | ||
| 922 | |a 5ΕΛΗ |b 200709 |c ΒΙΒΛΙΟΘΗΚΗ ΣΥΡΟΥ |d GLORYBOOK | ||
| 970 | |a Καγιαβά |b Ειρήνη |z 17/01/2008 | ||